[Event "BL2-Ost 1314"]
[Site "Germany"]
[Date "2013.11.24"]
[Round "6.6"]
[White "Krklec, Daniel"]
[Black "Promyshlyanskiy, Vitaliy"]
[Result "1-0"]
[WhiteElo "2270"]
[BlackElo "2235"]
[PlyCount "83"]
[EventDate "2013.10.12"]
[EventType "team-tourn"]
[EventRounds "10"]
[EventCountry "GER"]
[SourceTitle "EXT 2015"]
[Source "ChessBase"]
[SourceDate "2014.11.20"]
[SourceVersion "1"]
[SourceVersionDate "2014.11.20"]
[SourceQuality "1"]
[WhiteTeam "Zugzwang MSA"]
[BlackTeam "Nuernberg"]
[WhiteTeamCountry "GER"]
[BlackTeamCountry "GER"]

1. Nf3 Nf6 2. c4 g6 3. b4 Bg7 4. Bb2 d6 5. g3 e5 6. Bg2 c6 7. 0-0 0-0 8. d3 Qe7 9. Nbd2 Be6 10. Qc2 Nfd7 11. d4 f5 12. e4 fxe4 13. Nxe4 Bg4 14. Qb3 Bxf3 15. Bxf3 exd4 16. Bg2 Na6 17. Rad1 c5 18. Ba3 Ne5 19. h3 Rae8 20. Kh1 Kh8 21. bxc5 dxc5 22. Rxd4 Qe6 23. Rd5 b6 24. f4 Nf7 25. Bb2 Nd8 26. Bxg7+ Kxg7 27. Qb2+ Kg8 28. Re5 Qd7 29. Rxe8 Qxe8 30. Nf6+ Rxf6 31. Qxf6 Nc7 32. f5 gxf5 33. Rxf5 Nf7 34. Rf4 Ne6 35. Rg4+ Kf8 36. Re4 Qd7 37. Qxe6 Qd1+ 38. Re1 Qh5 39. Rf1 Kg7 40. Qf6+ Kf8 41. g4 Qg6 42. Qxg6 1-0

[Event "BL2-Ost 1314"]
[Site "Germany"]
[Date "2013.11.10"]
[Round "3.6"]
[White "Krklec, Daniel"]
[Black "Doeres, Hans Juergen"]
[Result "1/2-1/2"]
[WhiteElo "2270"]
[BlackElo "2207"]
[PlyCount "96"]
[EventDate "2013.10.12"]
[EventType "team-tourn"]
[EventRounds "10"]
[EventCountry "GER"]
[SourceTitle "EXT 2015"]
[Source "ChessBase"]
[SourceDate "2014.11.20"]
[SourceVersion "1"]
[SourceVersionDate "2014.11.20"]
[SourceQuality "1"]
[WhiteTeam "Zugzwang MSA"]
[BlackTeam "Forchheim"]
[WhiteTeamCountry "GER"]
[BlackTeamCountry "GER"]

1. d4 d5 2. c4 c6 3. g3 Nf6 4. Nf3 Bf5 5. Nc3 e6 6. Bg2 Be7 7. 0-0 Ne4 8. Nd2 Nxd2 9. Bxd2 Nd7 10. Bf4 0-0 11. e4 dxe4 12. Nxe4 Nf6 13. Nc5 Bxc5 14. dxc5 Bd3 15. Qb3 Bxf1 16. Rxf1 Qc8 17. Rd1 h6 18. h3 Re8 19. Bd6 Rd8 20. Qf3 Rd7 21. b4 a6 22. g4 Ne8 23. h4 Qd8 24. Qg3 Qf6 25. g5 Qg6 26. Rd4 Rad8 27. Be4 f5 28. Bf3 e5 29. Qxe5 Nxd6 30. cxd6 Rxd6 31. Bh5 Qxh5 32. Rxd6 Qg4+ 33. Kf1 Qxc4+ 34. Kg1 Qg4+ 35. Kf1 Rxd6 36. Qxd6 hxg5 37. hxg5 Qc4+ 38. Kg1 Qc1+ 39. Kh2 Qxg5 40. Qb8+ Kh7 41. Qxb7 Qh4+ 42. Kg1 Qg4+ 43. Kh2 f4 44. Qxa6 f3 45. Qf1 Qf4+ 46. Kg1 Qg4+ 47. Kh2 Qf4+ 48. Kg1 Qg4+ 1/2-1/2

[Event "Vienna op 18th"]
[Site "Vienna"]
[Date "2013.08.21"]
[Round "5"]
[White "Guliyev, Namig"]
[Black "Krklec, Daniel"]
[Result "1-0"]
[WhiteElo "2562"]
[BlackElo "2286"]
[PlyCount "47"]
[EventDate "2013.08.17"]
[EventType "swiss"]
[EventRounds "9"]
[EventCountry "AUT"]
[SourceTitle "CBM 156 Extra"]
[Source "ChessBase"]
[SourceDate "2013.10.22"]
[SourceVersion "1"]
[SourceVersionDate "2013.10.22"]
[SourceQuality "1"]

1. e4 Nf6 2. e5 Nd5 3. d4 d6 4. Nf3 Bg4 5. Be2 Nc6 6. 0-0 dxe5 7. dxe5 e6 8. h3 Bh5 9. c4 Nb6 10. Nbd2 Be7 11. b3 Nd4 12. Bb2 Nxe2+ 13. Qxe2 0-0 14. Ne4 Nd7 15. Rad1 Qe8 16. Qe3 a6 17. Rd2 Rd8 18. Rfd1 Nb6 19. Nf6+ Bxf6 20. exf6 Rxd2 21. Rxd2 Qc8 22. Qg5 Bg6 23. fxg7 Re8 24. Ne5 1-0

[Event "Munich-ch MK op"]
[Site "Munich"]
[Date "2013.02.02"]
[Round "7"]
[White "Josch, Sylvio"]
[Black "Krklec, Daniel"]
[Result "1/2-1/2"]
[WhiteElo "2107"]
[BlackElo "2262"]
[PlyCount "25"]
[EventDate "2013.01.11"]
[EventType "swiss"]
[EventRounds "7"]
[EventCountry "GER"]
[SourceTitle "EXT 2015"]
[Source "ChessBase"]
[SourceDate "2014.11.20"]
[SourceVersion "1"]
[SourceVersionDate "2014.11.20"]
[SourceQuality "1"]

1. e4 Nf6 2. e5 Nd5 3. d4 d6 4. c4 Nb6 5. f4 dxe5 6. fxe5 c5 7. d5 e6 8. Nc3 exd5 9. cxd5 c4 10. d6 Nc6 11. Bf4 Be6 12. Nf3 h6 13. Nd4 1/2-1/2

[Event "Munich-ch MK op"]
[Site "Munich"]
[Date "2013.01.20"]
[Round "5"]
[White "Krklec, Daniel"]
[Black "Schulz, Michael2"]
[Result "1-0"]
[WhiteElo "2262"]
[BlackElo "2078"]
[PlyCount "75"]
[EventDate "2013.01.11"]
[EventType "swiss"]
[EventRounds "7"]
[EventCountry "GER"]
[SourceTitle "EXT 2015"]
[Source "ChessBase"]
[SourceDate "2014.11.20"]
[SourceVersion "1"]
[SourceVersionDate "2014.11.20"]
[SourceQuality "1"]

1. d4 e6 2. c4 Bb4+ 3. Nd2 Nf6 4. g3 0-0 5. Bg2 d5 6. Ngf3 b6 7. 0-0 Bb7 8. Ne5 Na6 9. a3 Bd6 10. b4 c5 11. cxd5 exd5 12. bxc5 bxc5 13. Bb2 Qe7 14. Qa4 Rfc8 15. Rab1 cxd4 16. Qxd4 Rc2 17. Rfd1 Nc5 18. Ng4 Ncd7 19. Qa4 Rc7 20. Ne3 a5 21. Nf5 Qf8 22. Nxd6 Qxd6 23. Nf3 Bc6 24. Qh4 Re8 25. Nd4 g6 26. Nxc6 Rxc6 27. Qg5 h6 28. Qxh6 Rxe2 29. Rxd5 Rxb2 30. Rxb2 Qc7 31. Rd1 Rc3 32. Rbd2 Rxa3 33. Rd6 Ra2 34. Rc6 Qb8 35. Bf1 Rxf2 36. Rdc1 Nf8 37. Rc8 Qd6 38. Rxf8+ 1-0

[Event "Regionalliga SW 1213"]
[Site "Bayern"]
[Date "2013.01.13"]
[Round "5.1"]
[White "Moufang, Rainer"]
[Black "Krklec, Daniel"]
[Result "0-1"]
[WhiteElo "2312"]
[BlackElo "2281"]
[PlyCount "86"]
[EventDate "2012.10.14"]
[EventType "team-tourn"]
[EventRounds "9"]
[EventCountry "GER"]
[SourceTitle "EXT 2015"]
[Source "ChessBase"]
[SourceDate "2014.11.20"]
[SourceVersion "1"]
[SourceVersionDate "2014.11.20"]
[SourceQuality "1"]
[WhiteTeam "Haar"]
[BlackTeam "MSA Zugzwang II"]
[WhiteTeamCountry "GER"]
[BlackTeamCountry "GER"]

1. d4 Nf6 2. Bg5 c5 3. Nc3 d5 4. Bxf6 exf6 5. e3 Nc6 6. dxc5 Be6 7. Nf3 Bxc5 8. Be2 d4 9. exd4 Nxd4 10. Nxd4 Qxd4 11. Qxd4 Bxd4 12. Nd1 0-0-0 13. Bd3 f5 14. 0-0 Rhe8 15. Re1 g6 16. Nc3 Bxc3 17. bxc3 Re7 18. Bc4 Rc7 19. Bxe6+ fxe6 20. Re3 Rd2 21. Rc1 e5 22. Rd3 Rd7 23. Rxd2 Rxd2 24. Kf1 Kc7 25. Ke1 Rd5 26. Rb1 Ra5 27. Rb2 Kc6 28. Kd2 Rb5 29. Rb3 a5 30. a4 Rd5+ 31. Ke3 b6 32. f3 e4 33. fxe4 Re5 34. c4 Rxe4+ 35. Kd3 Rg4 36. g3 f4 37. gxf4 Rxf4 38. Rb5 Rh4 39. c5 bxc5 40. Rxa5 Rxh2 41. Ra6+ Kd5 42. c4+ Ke5 43. Rc6 Rh3+ 0-1

[Event "Oberliga Bayern 1112"]
[Site "Bayern"]
[Date "2012.02.26"]
[Round "7.4"]
[White "Maurer, Jochen"]
[Black "Krklec, Daniel"]
[Result "1-0"]
[WhiteElo "2235"]
[BlackElo "2248"]
[PlyCount "75"]
[EventDate "2011.10.02"]
[EventType "team-tourn"]
[EventRounds "9"]
[EventCountry "GER"]
[SourceTitle "EXT 2015"]
[Source "ChessBase"]
[SourceDate "2014.11.20"]
[SourceVersion "1"]
[SourceVersionDate "2014.11.20"]
[SourceQuality "1"]
[WhiteTeam "Pang/Rosenheim"]
[BlackTeam "MSA Zugzwang"]
[WhiteTeamCountry "GER"]
[BlackTeamCountry "GER"]

1. e4 Nf6 2. e5 Nd5 3. d4 d6 4. Nf3 Bg4 5. Be2 Nc6 6. exd6 exd6 7. 0-0 Be7 8. c4 Nb6 9. Nc3 0-0 10. b3 Bf6 11. Be3 Re8 12. Qd2 d5 13. c5 Nc8 14. h3 Bf5 15. a3 Be4 16. b4 N6e7 17. g4 h6 18. Ne1 Bh7 19. Ng2 Ng6 20. f4 Nh4 21. g5 Nxg2 22. Kxg2 Be7 23. gxh6 Bf6 24. f5 Ne7 25. Bg4 gxh6 26. Bxh6 Nc6 27. Be3 Rxe3 28. Qxe3 Bxd4 29. Qd3 Qf6 30. Rac1 Rd8 31. Ne2 Be5 32. Rce1 Ne7 33. Ng3 d4 34. Nh5 Qh8 35. Qe2 f6 36. Nf4 Bxf5 37. Qc4+ Kh7 38. Qf7+ 1-0

[Event "Oberliga Bayern 1112"]
[Site "Bayern"]
[Date "2012.02.05"]
[Round "6.5"]
[White "Wagner, Hans2"]
[Black "Krklec, Daniel"]
[Result "0-1"]
[WhiteElo "2163"]
[BlackElo "2248"]
[PlyCount "98"]
[EventDate "2011.10.02"]
[EventType "team-tourn"]
[EventRounds "9"]
[EventCountry "GER"]
[SourceTitle "EXT 2013"]
[Source "ChessBase"]
[SourceDate "2012.11.22"]
[SourceVersion "1"]
[SourceVersionDate "2012.11.22"]
[SourceQuality "1"]
[WhiteTeam "Rottal"]
[BlackTeam "MSA Zugzwang"]
[WhiteTeamCountry "GER"]
[BlackTeamCountry "GER"]

1. Nf3 g6 2. c4 Bg7 3. Nc3 e5 4. d4 exd4 5. Nxd4 Ne7 6. Bg5 h6 7. Bh4 Nbc6 8. Nxc6 bxc6 9. Qd2 d6 10. Rd1 Be6 11. e4 0-0 12. Be2 g5 13. Bg3 Ng6 14. 0-0 Be5 15. Bxe5 dxe5 16. b3 Qe7 17. Qe3 Rfd8 18. Rxd8+ Rxd8 19. Qxa7 Qb4 20. Qe3 Nf4 21. Rc1 Bc8 22. g3 Ne6 23. Bg4 Nd4 24. Bxc8 Rxc8 25. Kg2 Qd6 26. f3 Ra8 27. Rh1 Kh7 28. h4 gxh4 29. Rxh4 Rg8 30. Qd2 Qf6 31. Rh3 Qxf3+ 32. Kh2 Rg6 33. g4 Qxg4 34. Qf2 Kg7 35. Rg3 Qh4+ 36. Kg2 Qh5 37. b4 Ne6 38. Kf1 Nf4 39. Ke1 Qh1+ 40. Kd2 h5 41. b5 h4 42. Rxg6+ fxg6 43. Kc2 Ne6 44. bxc6 h3 45. Kd3 Qg2 46. Ke3 Qg5+ 47. Ke2 Nd4+ 48. Kd1 Qg4+ 49. Ke1 h2 0-1

[Event "Landesliga Sued 1011"]
[Site "Bayern"]
[Date "2011.02.27"]
[Round "7.2"]
[White "Leitner, Maximilian"]
[Black "Krklec, Daniel"]
[Result "1-0"]
[WhiteElo "2214"]
[BlackElo "2187"]
[PlyCount "87"]
[EventDate "2010.10.10"]
[EventType "team-tourn"]
[EventRounds "9"]
[EventCountry "GER"]
[SourceTitle "EXT 2012"]
[Source "ChessBase"]
[SourceDate "2011.11.24"]
[SourceVersion "1"]
[SourceVersionDate "2011.11.24"]
[SourceQuality "1"]
[WhiteTeam "Bayern Muenchen III"]
[BlackTeam "Muenchen Zugzwang"]
[WhiteTeamCountry "GER"]
[BlackTeamCountry "GER"]

1. c4 Nf6 2. g3 e6 3. Bg2 d5 4. Nf3 Nbd7 5. Qc2 c6 6. 0-0 Be7 7. d4 Ne4 8. Nbd2 f5 9. Ne1 0-0 10. Ndf3 Bf6 11. Nd3 dxc4 12. Qxc4 Nb6 13. Qc2 Bxd4 14. Nxd4 Qxd4 15. Be3 Qc4 16. Qb1 Nd5 17. Rc1 Qa6 18. Bd4 b6 19. b4 Qa4 20. Qb2 Nef6 21. a3 Bb7 22. e3 Rac8 23. Bf1 Ba6 24. Be2 Bxd3 25. Bxd3 b5 26. h3 Rf7 27. Kh1 Ne4 28. Kg2 Nb6 29. Qa2 Re7 30. Bxe4 fxe4 31. Qb1 Nc4 32. Ra2 Qa6 33. Qxe4 Rce8 34. a4 Qb7 35. Bc5 Rf7 36. Rca1 a5 37. axb5 Qxb5 38. Rc2 axb4 39. Qxc4 Rb7 40. Qb3 Rbb8 41. Ra4 Rbd8 42. Rxb4 Qa6 43. Ra2 Qc8 44. Rb7 1-0

[Event "Landesliga Sued 1011"]
[Site "Bayern"]
[Date "2010.12.12"]
[Round "4.4"]
[White "Krklec, Daniel"]
[Black "Wolf, Armin"]
[Result "1-0"]
[WhiteElo "2187"]
[BlackElo "2209"]
[PlyCount "61"]
[EventDate "2010.10.10"]
[EventType "team-tourn"]
[EventRounds "9"]
[EventCountry "GER"]
[SourceTitle "EXT 2012"]
[Source "ChessBase"]
[SourceDate "2011.11.24"]
[SourceVersion "1"]
[SourceVersionDate "2011.11.24"]
[SourceQuality "1"]
[WhiteTeam "Muenchen Zugzwang"]
[BlackTeam "Haunstetten"]
[WhiteTeamCountry "GER"]
[BlackTeamCountry "GER"]

1. e4 g6 2. d4 Bg7 3. Nc3 d6 4. Nge2 Nd7 5. h3 c5 6. g4 a6 7. Bg2 Rb8 8. Be3 b6 9. Ng3 Bb7 10. Qd2 h6 11. 0-0 cxd4 12. Bxd4 Ngf6 13. Be3 Qc7 14. f4 0-0 15. a4 Rbc8 16. Rf2 Bc6 17. Bf1 Qb7 18. Bd3 Kh7 19. Qe2 Ra8 20. Raf1 Nc5 21. Bxc5 bxc5 22. e5 Nd5 23. Nxd5 Bxd5 24. c4 Bc6 25. g5 e6 26. gxh6 Bh8 27. f5 exf5 28. Rxf5 Bxe5 29. Rxf7+ Rxf7 30. Bxg6+ Kxg6 31. Qh5+ 1-0

[Event "Landesliga Sued 1011"]
[Site "Bayern"]
[Date "2010.10.10"]
[Round "1.4"]
[White "Krklec, Daniel"]
[Black "Gnegel, Boris Igor"]
[Result "1-0"]
[WhiteElo "2187"]
[BlackElo "2034"]
[PlyCount "63"]
[EventDate "2010.10.10"]
[EventType "team-tourn"]
[EventRounds "9"]
[EventCountry "GER"]
[SourceTitle "EXT 2012"]
[Source "ChessBase"]
[SourceDate "2011.11.24"]
[SourceVersion "1"]
[SourceVersionDate "2011.11.24"]
[SourceQuality "1"]
[WhiteTeam "Muenchen Zugzwang"]
[BlackTeam "Tegernsee"]
[WhiteTeamCountry "GER"]
[BlackTeamCountry "GER"]

1. e4 e5 2. f4 exf4 3. Nf3 d6 4. Bc4 g5 5. h4 g4 6. Ng5 Nh6 7. d4 Bg7 8. Bxf4 Nc6 9. c3 Qe7 10. 0-0 Nd8 11. Nd2 f6 12. Qb3 Nhf7 13. Nxf7 Nxf7 14. Rae1 0-0 15. e5 dxe5 16. dxe5 f5 17. Bg5 Qc5+ 18. Kh1 Bxe5 19. Bh6 Qe7 20. g3 Re8 21. Bf4 Be6 22. Bxe5 Nxe5 23. Rxe5 Qd6 24. Rxe6 Rxe6 25. Bxe6+ Kg7 26. Qd5 Qxg3 27. Qd4+ Kg6 28. Bxf5+ Kh5 29. Bxg4+ Qxg4 30. Qe5+ Kxh4 31. Nf3+ Kh3 32. Qh2# 1-0

[Event "Landesliga Sued 0910"]
[Site "Bayern"]
[Date "2009.10.18"]
[Round "1.4"]
[White "Krklec, Daniel"]
[Black "Schamberger, Alfons"]
[Result "1-0"]
[WhiteElo "2178"]
[BlackElo "2093"]
[PlyCount "83"]
[EventDate "2009.10.18"]
[EventType "team-tourn"]
[EventRounds "9"]
[EventCountry "GER"]
[SourceTitle "EXT 2011"]
[Source "ChessBase"]
[SourceDate "2010.11.26"]
[SourceVersion "1"]
[SourceVersionDate "2010.11.26"]
[SourceQuality "1"]
[WhiteTeam "Muenchen Zugzwang"]
[BlackTeam "Sendling"]
[WhiteTeamCountry "GER"]
[BlackTeamCountry "GER"]

1. e4 c5 2. Nf3 Nc6 3. d4 cxd4 4. Nxd4 g6 5. Nc3 Bg7 6. Be3 d6 7. Qd2 Nf6 8. f3 Bd7 9. Bc4 0-0 10. 0-0-0 Na5 11. Bb3 Nxb3+ 12. cxb3 a5 13. Kb1 a4 14. b4 Qb8 15. g4 Rc8 16. g5 Nh5 17. Nd5 Re8 18. Nb6 Qc7 19. Nxa8 Rxa8 20. Rc1 Qd8 21. Ne2 a3 22. b3 Be6 23. Bd4 f6 24. Ng3 fxg5 25. Nxh5 Bxd4 26. Qxd4 gxh5 27. Rhg1 h6 28. f4 h4 29. fxg5 h5 30. g6 Qf8 31. g7 Qf6 32. Qxf6 exf6 33. Rcf1 Bg4 34. Rxf6 Kxg7 35. Rxd6 h3 36. Rc1 Bf3 37. Rc7+ Kg8 38. Rg6+ Kh8 39. Re6 Kg8 40. Kc2 Bg4 41. Ree7 b5 42. Rg7+ 1-0

[Event "Hum na Sutli op"]
[Site "Hum na Sutli"]
[Date "2008.11.30"]
[Round "9"]
[White "Slamar, Velimir"]
[Black "Krklec, Daniel"]
[Result "1-0"]
[WhiteElo "2242"]
[BlackElo "2182"]
[PlyCount "79"]
[EventDate "2008.11.22"]
[EventType "swiss"]
[EventRounds "9"]
[EventCountry "CRO"]
[SourceTitle "EXT 2010"]
[Source "ChessBase"]
[SourceDate "2010.11.25"]
[SourceVersion "1"]
[SourceVersionDate "2010.11.25"]
[SourceQuality "1"]

1. Nf3 d5 2. c4 e6 3. g3 Nf6 4. Bg2 Bd6 5. 0-0 0-0 6. d4 Nbd7 7. Qc2 c6 8. Rd1 Re8 9. Bg5 h6 10. Bxf6 Nxf6 11. Nc3 Qe7 12. e4 dxe4 13. Nxe4 Nxe4 14. Qxe4 Bd7 15. Ne5 Rad8 16. h4 Bc8 17. Bf1 Qf6 18. c5 Bc7 19. Bd3 Qf5 20. Qe3 Qf6 21. f4 g6 22. Be4 h5 23. b4 Rd5 24. a4 Red8 25. Rd3 Qe7 26. Rad1 Kg7 27. b5 Bd7 28. Bxd5 exd5 29. bxc6 bxc6 30. Nxd7 Qxd7 31. Re1 Kf8 32. Kg2 Ba5 33. Re2 Re8 34. Qxe8+ Qxe8 35. Rxe8+ Kxe8 36. Rb3 Kd7 37. Rb7+ Ke6 38. Rxa7 Bc3 39. Rc7 Bxd4 40. Rxc6+ 1-0

[Event "Hum na Sutli op"]
[Site "Hum na Sutli"]
[Date "2008.11.28"]
[Round "7"]
[White "Krklec, Daniel"]
[Black "Gotal, Vladimir"]
[Result "1-0"]
[WhiteElo "2182"]
[BlackElo "1879"]
[PlyCount "35"]
[EventDate "2008.11.22"]
[EventType "swiss"]
[EventRounds "9"]
[EventCountry "CRO"]
[SourceTitle "EXT 2010"]
[Source "ChessBase"]
[SourceDate "2010.11.25"]
[SourceVersion "1"]
[SourceVersionDate "2010.11.25"]
[SourceQuality "1"]

1. Nf3 c5 2. c4 Nc6 3. e3 g6 4. d4 cxd4 5. exd4 d5 6. cxd5 Qxd5 7. Nc3 Qa5 8. d5 Nb4 9. Bd2 Bg7 10. a3 Na6 11. Bb5+ Kf8 12. 0-0 Nc7 13. Bc4 Qc5 14. Ba2 b5 15. Ne4 Qb6 16. d6 Ne8 17. Be3 Qc6 18. Bd5 1-0

[Event "Hum na Sutli op"]
[Site "Hum na Sutli"]
[Date "2008.11.26"]
[Round "5"]
[White "Krklec, Daniel"]
[Black "Kozina, Zdenko"]
[Result "1/2-1/2"]
[WhiteElo "2182"]
[BlackElo "1986"]
[PlyCount "31"]
[EventDate "2008.11.22"]
[EventType "swiss"]
[EventRounds "9"]
[EventCountry "CRO"]
[SourceTitle "EXT 2010"]
[Source "ChessBase"]
[SourceDate "2010.11.25"]
[SourceVersion "1"]
[SourceVersionDate "2010.11.25"]
[SourceQuality "1"]

1. e4 e6 2. d4 d5 3. exd5 exd5 4. Bd3 Bd6 5. c3 c6 6. Qe2+ Qe7 7. Qxe7+ Nxe7 8. Nf3 Bf5 9. Bxf5 Nxf5 10. 0-0 0-0 11. Re1 Nd7 12. g4 Ne7 13. Bg5 Ng6 14. Nbd2 Rfe8 15. Rxe8+ Rxe8 16. Re1 1/2-1/2

[Event "Munich OIS op"]
[Site "Munich"]
[Date "2008.10.14"]
[Round "4"]
[White "Krklec, Daniel"]
[Black "Eitel, Harald"]
[Result "0-1"]
[WhiteElo "2181"]
[BlackElo "2226"]
[PlyCount "96"]
[EventDate "2008.10.11"]
[EventType "swiss"]
[EventRounds "9"]
[EventCountry "GER"]
[SourceTitle "CBM 126 Extra"]
[Source "ChessBase"]
[SourceDate "2008.11.05"]
[SourceVersion "1"]
[SourceVersionDate "2008.11.05"]
[SourceQuality "1"]

1. e4 e5 2. f4 d5 3. exd5 exf4 4. Nf3 Bd6 5. Bb5+ c6 6. dxc6 bxc6 7. Bc4 Nh6 8. 0-0 0-0 9. d4 Bg4 10. Nbd2 Re8 11. c3 Nd7 12. Bd3 Nf6 13. Qc2 c5 14. Ne4 cxd4 15. Nxd6 Qxd6 16. Nxd4 g5 17. h4 Qc5 18. hxg5 Qxg5 19. Bxf4 Qh5 20. Qd2 Nf5 21. Bxf5 Bxf5 22. Nxf5 Qxf5 23. Be3 Qg6 24. Rf3 Ng4 25. Bd4 Re7 26. Qd3 Re4 27. Raf1 Rae8 28. Qc4 Ne5 29. Qc7 Nxf3+ 30. Rxf3 Re1+ 31. Kh2 R1e4 32. Rg3 Rh4+ 33. Kg1 Rg4 34. Qd7 f5 35. Qd5+ Re6 36. Re3 Rge4 37. Rh3 h6 38. Kh2 Rg4 39. Qd8+ Re8 40. Qd5+ Re6 41. c4 f4 42. Rb3 Rh4+ 43. Rh3 Qg3+ 44. Kg1 Qe1+ 45. Kh2 Rxh3+ 46. gxh3 Qg3+ 47. Kh1 Qxh3+ 48. Kg1 f3 0-1

[Event "Regionalliga SW 0708"]
[Site "Bayern"]
[Date "2008.04.06"]
[Round "8.3"]
[White "Krklec, Daniel"]
[Black "Hornung, Hans"]
[Result "1-0"]
[WhiteElo "2094"]
[BlackElo "2052"]
[PlyCount "97"]
[EventDate "2007.10.21"]
[EventType "team-tourn"]
[EventRounds "9"]
[EventCountry "GER"]
[SourceTitle "EXT 2009"]
[Source "ChessBase"]
[SourceDate "2008.11.26"]
[SourceVersion "1"]
[SourceVersionDate "2008.11.26"]
[SourceQuality "1"]
[WhiteTeam "Zugzwang MSA"]
[BlackTeam "Klosterlechfeld"]
[WhiteTeamCountry "GER"]
[BlackTeamCountry "GER"]

1. e4 g6 2. d4 Bg7 3. Nc3 d6 4. Be3 a6 5. h4 h5 6. Bc4 b5 7. Bb3 Nf6 8. e5 dxe5 9. Qf3 exd4 10. Qxa8 dxe3 11. fxe3 Nbd7 12. Qc6 0-0 13. 0-0-0 e6 14. Nf3 Ng4 15. Ne4 Nxe3 16. Rd3 Nd5 17. Bxd5 exd5 18. Qxd5 Qe7 19. Re1 Nb6 20. Qc5 Bxb2+ 21. Kb1 Qxc5 22. Nxc5 Nc4 23. Nd2 Bf6 24. Nxc4 bxc4 25. Rf3 Bf5 26. Nd7 Bxh4 27. Rh1 Bxd7 28. Rxh4 Be6 29. Ra3 Rd8 30. Kb2 Rd6 31. Kc3 Kg7 32. Rd4 Rb6 33. Ra5 Kf6 34. Rc5 g5 35. Rxc7 Rb1 36. Rc6 Rg1 37. Rd2 Re1 38. Rxa6 h4 39. a4 g4 40. a5 Ke5 41. Kb2 Re3 42. Rc6 h3 43. gxh3 Rxh3 44. Rd8 g3 45. a6 g2 46. Rg8 Bd5 47. Rc5 Kd4 48. Rxd5+ Kxd5 49. a7 1-0

[Event "Regionalliga SW 0708"]
[Site "Bayern"]
[Date "2008.02.17"]
[Round "6.3"]
[White "Krklec, Daniel"]
[Black "Miskevicer, Boris"]
[Result "1/2-1/2"]
[WhiteElo "2094"]
[BlackElo "2046"]
[PlyCount "63"]
[EventDate "2007.10.21"]
[EventType "team-tourn"]
[EventRounds "9"]
[EventCountry "GER"]
[SourceTitle "EXT 2009"]
[Source "ChessBase"]
[SourceDate "2008.11.26"]
[SourceVersion "1"]
[SourceVersionDate "2008.11.26"]
[SourceQuality "1"]
[WhiteTeam "Zugzwang MSA"]
[BlackTeam "Muenchen Schwabing"]
[WhiteTeamCountry "GER"]
[BlackTeamCountry "GER"]

1. e4 c6 2. d4 d5 3. e5 Bf5 4. Ne2 e6 5. Nf4 c5 6. g4 Be4 7. f3 Qh4+ 8. Ke2 Bg6 9. c3 Nc6 10. Be3 h5 11. Nxg6 fxg6 12. g5 Nge7 13. Qd2 cxd4 14. cxd4 Nf5 15. Bf2 Ncxd4+ 16. Kd1 Nxf3 17. Bb5+ Kf7 18. Bxh4 Nxd2 19. Nxd2 Nxh4 20. Rc1 Be7 21. Nf3 Nf5 22. Ke2 a6 23. Bd7 Bd8 24. Rhf1 Ke7 25. Ba4 Bb6 26. Rc3 Rhc8 27. Rb3 Bc7 28. Rxb7 Rab8 29. Rxb8 Bxb8 30. Bb3 Ba7 31. Kd3 a5 32. Re1 1/2-1/2

[Event "Regionalliga SW 0708"]
[Site "Bayern"]
[Date "2008.01.20"]
[Round "5.3"]
[White "Hahn, Christoph"]
[Black "Krklec, Daniel"]
[Result "0-1"]
[WhiteElo "2104"]
[BlackElo "2094"]
[PlyCount "72"]
[EventDate "2007.10.21"]
[EventType "team-tourn"]
[EventRounds "9"]
[EventCountry "GER"]
[SourceTitle "EXT 2009"]
[Source "ChessBase"]
[SourceDate "2008.11.26"]
[SourceVersion "1"]
[SourceVersionDate "2008.11.26"]
[SourceQuality "1"]
[WhiteTeam "Kriegshaber"]
[BlackTeam "Zugzwang MSA"]
[WhiteTeamCountry "GER"]
[BlackTeamCountry "GER"]

1. d4 d5 2. Nf3 Nf6 3. e3 e6 4. Bd3 b6 5. c3 Bd6 6. Nbd2 Bb7 7. 0-0 Nbd7 8. Re1 Ne4 9. Qc2 f5 10. c4 g5 11. Nb3 g4 12. Bxe4 fxe4 13. Nfd2 0-0 14. Nf1 Ba6 15. Qe2 Bxc4 16. Qxg4+ Kh8 17. Nbd2 Nf6 18. Qxe6 Bb5 19. Qh3 Bd7 20. Qh4 Rg8 21. f4 exf3 22. Nxf3 Rg4 23. Qf2 Ne4 24. Qe2 Qf6 25. Ne5 Rag8 26. Nxg4 Bxg4 27. Qc2 Qh4 28. Re2 Rf8 29. g3 Bxe2 30. Qxe2 Bxg3 31. hxg3 Nxg3 32. Nxg3 Qxg3+ 33. Qg2 Qe1+ 34. Kh2 Rf2 35. b3 Rxg2+ 36. Kxg2 h5 0-1

[Event "Regionalliga SW 0708"]
[Site "Bayern"]
[Date "2007.12.09"]
[Round "4.3"]
[White "Krklec, Daniel"]
[Black "Trescher, Manfred"]
[Result "1-0"]
[WhiteElo "2090"]
[BlackElo "2119"]
[PlyCount "101"]
[EventDate "2007.10.21"]
[EventType "team-tourn"]
[EventRounds "9"]
[EventCountry "GER"]
[SourceTitle "EXT 2009"]
[Source "ChessBase"]
[SourceDate "2008.11.26"]
[SourceVersion "1"]
[SourceVersionDate "2008.11.26"]
[SourceQuality "1"]
[WhiteTeam "Zugzwang MSA"]
[BlackTeam "Muenchen Tarrasch II"]
[WhiteTeamCountry "GER"]
[BlackTeamCountry "GER"]

1. e4 e6 2. d4 d5 3. Nc3 Bb4 4. e5 c5 5. Bd2 Ne7 6. Nf3 cxd4 7. Nb5 Bxd2+ 8. Qxd2 0-0 9. 0-0-0 Nbc6 10. Bd3 Ng6 11. Bxg6 hxg6 12. h4 f6 13. Rde1 fxe5 14. Nxe5 Nxe5 15. Rxe5 Bd7 16. Nxd4 Qf6 17. Nf3 Rac8 18. h5 Be8 19. h6 gxh6 20. Qxh6 Qf4+ 21. Qxf4 Rxf4 22. Rxe6 Rfc4 23. c3 Bf7 24. Re7 R4c7 25. Rhe1 Kf8 26. Rxc7 Rxc7 27. Nd4 Re7 28. Rxe7 Kxe7 29. Kd2 a6 30. Ke3 Kd6 31. Nf3 d4+ 32. Kxd4 Bxa2 33. c4 Bb1 34. Ne5 b5 35. c5+ Ke6 36. Nd3 a5 37. Ne5 a4 38. Nc6 Kd7 39. Nb4 Ke6 40. Nd5 Kd7 41. Nc3 Bc2 42. Nxb5 Kc6 43. Nc3 Bb3 44. f3 Kd7 45. Nd5 g5 46. Nc3 Kc6 47. g4 Bc2 48. Ne4 Kb5 49. Nxg5 Bd1 50. Ne4 Bxf3 51. Nc3+ 1-0